<?xml version="1.0" encoding="UTF-8"?>
<collection xmlns="http://www.loc.gov/MARC21/slim">
 <record>
  <leader>05643cam a2200709 ca4500</leader>
  <controlfield tag="001">1726042928</controlfield>
  <controlfield tag="003">DE-627</controlfield>
  <controlfield tag="005">20260206200733.0</controlfield>
  <controlfield tag="007">tu</controlfield>
  <controlfield tag="008">200803m20212021fr |||||      00| ||fre c</controlfield>
  <datafield tag="020" ind1=" " ind2=" ">
   <subfield code="a">9782356134226</subfield>
   <subfield code="q">Broschur (Set von 2 Bänden + 1 Beiheft, Klammerheftung; Auslieferung zusammen im Schuber) : EUR 45.00</subfield>
   <subfield code="9">978-2-35613-422-6</subfield>
  </datafield>
  <datafield tag="024" ind1="3" ind2=" ">
   <subfield code="a">9782356134226</subfield>
  </datafield>
  <datafield tag="035" ind1=" " ind2=" ">
   <subfield code="a">(DE-627)1726042928</subfield>
  </datafield>
  <datafield tag="035" ind1=" " ind2=" ">
   <subfield code="a">(DE-603)516035754</subfield>
  </datafield>
  <datafield tag="035" ind1=" " ind2=" ">
   <subfield code="a">(DE-599)KXP1726042928</subfield>
  </datafield>
  <datafield tag="035" ind1=" " ind2=" ">
   <subfield code="a">(OCoLC)1422612282</subfield>
  </datafield>
  <datafield tag="040" ind1=" " ind2=" ">
   <subfield code="a">DE-627</subfield>
   <subfield code="b">ger</subfield>
   <subfield code="c">DE-627</subfield>
   <subfield code="e">rda</subfield>
  </datafield>
  <datafield tag="041" ind1=" " ind2=" ">
   <subfield code="a">fre</subfield>
  </datafield>
  <datafield tag="044" ind1=" " ind2=" ">
   <subfield code="c">XA-FR</subfield>
  </datafield>
  <datafield tag="084" ind1=" " ind2=" ">
   <subfield code="a">KUNST</subfield>
   <subfield code="q">DE-16</subfield>
   <subfield code="2">fid</subfield>
  </datafield>
  <datafield tag="084" ind1=" " ind2=" ">
   <subfield code="a">LE 3800</subfield>
   <subfield code="2">rvk</subfield>
   <subfield code="0">(DE-625)rvk/90740:</subfield>
  </datafield>
  <datafield tag="084" ind1=" " ind2=" ">
   <subfield code="a">IG 3000</subfield>
   <subfield code="2">rvk</subfield>
   <subfield code="0">(DE-625)rvk/56012:</subfield>
  </datafield>
  <datafield tag="245" ind1="0" ind2="3">
   <subfield code="a">&quot;L'Antiquité expliquée et représentée en figures&quot; de Bernard de Montfaucon</subfield>
   <subfield code="b">histoire d'un livre</subfield>
   <subfield code="c">sous la direction de Véronique Krings ; avec un supplément de Juliette Jestaz</subfield>
  </datafield>
  <datafield tag="246" ind1="3" ind2="3">
   <subfield code="a">&quot;L'Antiquité expliquée et représentée en figures&quot; de Bernard de Montfaucon: Chronologie de l'édition</subfield>
  </datafield>
  <datafield tag="246" ind1="3" ind2="3">
   <subfield code="a">Chronologie de l'édition de &quot;L'Antiquité expliquée&quot; (1713-1724)</subfield>
  </datafield>
  <datafield tag="264" ind1=" " ind2="1">
   <subfield code="a">Pessac</subfield>
   <subfield code="b">Ausonius éditions</subfield>
   <subfield code="c">Decembre 2021</subfield>
  </datafield>
  <datafield tag="264" ind1=" " ind2="1">
   <subfield code="a">Bordeaux</subfield>
   <subfield code="b">Université Bordeaux Montaigne</subfield>
   <subfield code="c">Decembre 2021</subfield>
  </datafield>
  <datafield tag="300" ind1=" " ind2=" ">
   <subfield code="a">2 Bände (XX, 716 Seiten)</subfield>
   <subfield code="c">24 cm</subfield>
   <subfield code="e">1 Beiheft (22 ungezählte Seiten) (17 x 24 cm)</subfield>
  </datafield>
  <datafield tag="336" ind1=" " ind2=" ">
   <subfield code="a">Text</subfield>
   <subfield code="b">txt</subfield>
   <subfield code="2">rdacontent</subfield>
  </datafield>
  <datafield tag="337" ind1=" " ind2=" ">
   <subfield code="a">ohne Hilfsmittel zu benutzen</subfield>
   <subfield code="b">n</subfield>
   <subfield code="2">rdamedia</subfield>
  </datafield>
  <datafield tag="338" ind1=" " ind2=" ">
   <subfield code="a">Band</subfield>
   <subfield code="b">nc</subfield>
   <subfield code="2">rdacarrier</subfield>
  </datafield>
  <datafield tag="490" ind1="0" ind2=" ">
   <subfield code="a">Scripta receptoria</subfield>
   <subfield code="v">19</subfield>
  </datafield>
  <datafield tag="500" ind1=" " ind2=" ">
   <subfield code="a">2 Bände und Beiheft in Schuber</subfield>
  </datafield>
  <datafield tag="500" ind1=" " ind2=" ">
   <subfield code="a">Beiheft unter dem Titel: &quot;L'Antiquité expliquée et représentée en figures&quot; de Bernard de Montfaucon: Chronologie de l'édition</subfield>
  </datafield>
  <datafield tag="500" ind1=" " ind2=" ">
   <subfield code="a">Abweichender Titel des Beihefts: Chronologie de l'édition de &quot;L'Antiquité expliquée&quot; (1713-1724)</subfield>
  </datafield>
  <datafield tag="500" ind1=" " ind2=" ">
   <subfield code="a">Verfasserin des Beihefts: Juliette Jestaz</subfield>
  </datafield>
  <datafield tag="500" ind1=" " ind2=" ">
   <subfield code="a">Literaturverzeichnis: Seite [671]-696</subfield>
  </datafield>
  <datafield tag="500" ind1=" " ind2=" ">
   <subfield code="a">Mit Registern</subfield>
  </datafield>
  <datafield tag="520" ind1=" " ind2=" ">
   <subfield code="a">&quot;Sortie des presses d’une compagnie de libraires parisiens, L’Antiquité expliquée et représentée en figures de Bernard de Montfaucon compte parmi les grands musées de papier de l’ère moderne. Elle imprime pour un large public une nouvelle manière de percevoir l’Antiquité. Pour ce faire, les œuvres des cabinets des collectionneurs et les monuments ont été dessinés, reproduits par la gravure et accompagnés d’explications par l’auteur. Dans le même moment, de nouvelles découvertes élargissent la connaissance du passé et lui donnent corps en le faisant surgir du sol. L’écho de cet essai d’archéologie se poursuit jusqu’à nos jours. Le présent livre rassemble les contributions de spécialistes reconnus, mettant à disposition des documents nouveaux et des points de vue inédits sur la genèse et la réception du livre. Juliette Jestaz a extrait de sa thèse de l’École des chartes (1995) plusieurs pièces qu’elle a mises à jour pour cet ouvrage.&quot;</subfield>
  </datafield>
  <datafield tag="583" ind1="1" ind2=" ">
   <subfield code="a">Archivierung/Langzeitarchivierung gewährleistet</subfield>
   <subfield code="f">SLG</subfield>
   <subfield code="z">Frankreichforschung</subfield>
   <subfield code="2">pdager</subfield>
   <subfield code="5">DE-77</subfield>
  </datafield>
  <datafield tag="600" ind1="1" ind2="7">
   <subfield code="0">(DE-588)100310923</subfield>
   <subfield code="0">(DE-627)133383261</subfield>
   <subfield code="0">(DE-576)213962276</subfield>
   <subfield code="a">Montfaucon, Bernard de</subfield>
   <subfield code="d">1655-1741</subfield>
   <subfield code="2">gnd</subfield>
  </datafield>
  <datafield tag="600" ind1="1" ind2="7">
   <subfield code="0">(DE-588)4734341-2</subfield>
   <subfield code="0">(DE-627)702785245</subfield>
   <subfield code="0">(DE-576)215868277</subfield>
   <subfield code="a">Montfaucon, Bernard de</subfield>
   <subfield code="d">1655-1741</subfield>
   <subfield code="t">L'Antiquité expliquée et représentée en figures</subfield>
   <subfield code="a">K10plus</subfield>
   <subfield code="2">gnd</subfield>
  </datafield>
  <datafield tag="655" ind1=" " ind2="7">
   <subfield code="a">Aufsatzsammlung</subfield>
   <subfield code="0">(DE-588)4143413-4</subfield>
   <subfield code="0">(DE-627)105605727</subfield>
   <subfield code="0">(DE-576)209726091</subfield>
   <subfield code="2">gnd-content</subfield>
  </datafield>
  <datafield tag="689" ind1="0" ind2="0">
   <subfield code="d">p</subfield>
   <subfield code="0">(DE-588)100310923</subfield>
   <subfield code="0">(DE-627)133383261</subfield>
   <subfield code="0">(DE-576)213962276</subfield>
   <subfield code="a">Montfaucon, Bernard de</subfield>
   <subfield code="d">1655-1741</subfield>
   <subfield code="2">gnd</subfield>
  </datafield>
  <datafield tag="689" ind1="0" ind2=" ">
   <subfield code="5">(DE-627)</subfield>
  </datafield>
  <datafield tag="689" ind1="1" ind2="0">
   <subfield code="d">u</subfield>
   <subfield code="0">(DE-588)4734341-2</subfield>
   <subfield code="0">(DE-627)702785245</subfield>
   <subfield code="0">(DE-576)215868277</subfield>
   <subfield code="a">Montfaucon, Bernard de</subfield>
   <subfield code="d">1655-1741</subfield>
   <subfield code="t">L'Antiquité expliquée et représentée en figures</subfield>
   <subfield code="2">gnd</subfield>
  </datafield>
  <datafield tag="689" ind1="1" ind2=" ">
   <subfield code="5">(DE-627)</subfield>
  </datafield>
  <datafield tag="700" ind1="1" ind2=" ">
   <subfield code="a">Krings, Veronique</subfield>
   <subfield code="e">HerausgeberIn</subfield>
   <subfield code="0">(DE-588)1161967699</subfield>
   <subfield code="0">(DE-627)1025485920</subfield>
   <subfield code="0">(DE-576)50706450X</subfield>
   <subfield code="4">edt</subfield>
  </datafield>
  <datafield tag="700" ind1="1" ind2=" ">
   <subfield code="a">Jestaz, Juliette</subfield>
   <subfield code="d">1969-</subfield>
   <subfield code="e">VerfasserIn von Zusatztexten</subfield>
   <subfield code="0">(DE-588)188490132</subfield>
   <subfield code="0">(DE-627)699413117</subfield>
   <subfield code="0">(DE-576)135358027</subfield>
   <subfield code="4">wat</subfield>
  </datafield>
  <datafield tag="700" ind1="1" ind2=" ">
   <subfield code="a">Montfaucon, Bernard de</subfield>
   <subfield code="d">1655-1741</subfield>
   <subfield code="e">ErwähnteR</subfield>
   <subfield code="0">(DE-588)100310923</subfield>
   <subfield code="0">(DE-627)133383261</subfield>
   <subfield code="0">(DE-576)213962276</subfield>
   <subfield code="4">oth</subfield>
  </datafield>
  <datafield tag="770" ind1="0" ind2="8">
   <subfield code="i">Beilage</subfield>
   <subfield code="a">Jestaz, Juliette, 1969 - </subfield>
   <subfield code="t">&quot;L' Antiquité expliquée et représentée en figures&quot; de Bernard de Montfaucon: Chronologie de l'édition</subfield>
   <subfield code="d">Pessac : Ausonius éditions, 2021</subfield>
   <subfield code="h">22 ungezählte Seiten</subfield>
   <subfield code="w">(DE-627)1816697745</subfield>
  </datafield>
  <datafield tag="787" ind1="0" ind2="8">
   <subfield code="i">Rezensiert in</subfield>
   <subfield code="a">Schlauch, Deborah</subfield>
   <subfield code="t">[Rezension von: Véronique Krings (Hrsg.), L'Antiquité expliquée et représentée en figures, de Bernard de Montfaucon]</subfield>
   <subfield code="d">2022</subfield>
   <subfield code="w">(DE-627)1878498282</subfield>
  </datafield>
  <datafield tag="787" ind1="0" ind2="8">
   <subfield code="i">Rezensiert in</subfield>
   <subfield code="a">Schlauch, Deborah</subfield>
   <subfield code="t">[Rezension von: Véronique Krings (Hrsg.), L'Antiquité expliquée et représentée en figures, de Bernard de Montfaucon]</subfield>
   <subfield code="d">2022</subfield>
  </datafield>
  <datafield tag="935" ind1=" " ind2=" ">
   <subfield code="a">MZFRA</subfield>
  </datafield>
  <datafield tag="936" ind1="r" ind2="v">
   <subfield code="a">LE 3800</subfield>
   <subfield code="b">Geschichte des Faches und seiner Institutionen</subfield>
   <subfield code="k">Klassische Archäologie</subfield>
   <subfield code="k">Systematik und Geschichte des Faches</subfield>
   <subfield code="k">Geschichte des Faches und seiner Institutionen</subfield>
   <subfield code="0">(DE-627)1270641794</subfield>
   <subfield code="0">(DE-625)rvk/90740:</subfield>
   <subfield code="0">(DE-576)200641794</subfield>
  </datafield>
  <datafield tag="936" ind1="r" ind2="v">
   <subfield code="a">IG 3000</subfield>
   <subfield code="b">Übrige Autoren</subfield>
   <subfield code="k">Romanistik</subfield>
   <subfield code="k">Französische Literatur im 18. und 19. Jahrhundert</subfield>
   <subfield code="k">Französische Literatur im 18. Jahrhundert</subfield>
   <subfield code="k">Literaturgeschichte</subfield>
   <subfield code="k">Übrige Autoren</subfield>
   <subfield code="0">(DE-627)1271095769</subfield>
   <subfield code="0">(DE-625)rvk/56012:</subfield>
   <subfield code="0">(DE-576)201095769</subfield>
  </datafield>
  <datafield tag="936" ind1="s" ind2="n">
   <subfield code="a">i100</subfield>
   <subfield code="2">mzub</subfield>
  </datafield>
  <datafield tag="951" ind1=" " ind2=" ">
   <subfield code="a">MC</subfield>
  </datafield>
  <datafield tag="990" ind1=" " ind2=" ">
   <subfield code="a">Montfaucon, Bernard de</subfield>
  </datafield>
  <datafield tag="990" ind1=" " ind2=" ">
   <subfield code="a">Montfaucon, Bernard de / L'Antiquité expliquée et représentée en figures</subfield>
  </datafield>
  <datafield tag="991" ind1=" " ind2=" ">
   <subfield code="a">Rezensiertes Werk</subfield>
  </datafield>
  <datafield tag="999" ind1=" " ind2=" ">
   <subfield code="a">KXP-PPN1726042928</subfield>
   <subfield code="e">4967441033</subfield>
  </datafield>
 </record>
</collection>
